[Event "111th US Open"]
[Site "Irvine USA"]
[Date "2010.08.06"]
[Round "?"]
[White "Stopa,Ja"]
[Black "Shabalov,A"]
[Result "0-1"]
[WhiteElo "2462"]
[BlackElo "2578"]

1.e4 c5 2.Nf3 d6 3.Bb5+ Nd7 4.d4 cxd4 5.Qxd4 a6 6.Bxd7+ Bxd7 7.Bg5 Rc8 8.Nc3 h6
9.Bh4 e5 10.Qb4 g5 11.Bg3 b5 12.O-O-O Nf6 13.Nd5 Nxd5 14.Rxd5 Qc7 15.Qd2 Be6
16.Rd3 b4 17.Kb1 Be7 18.b3 f5 19.exf5 Bxf5 20.Re1 O-O 21.h4 e4 22.Rxd6 Bxd6
23.Bxd6 Qxc2+ 24.Qxc2 exf3 25.Qxf5 Rxf5 26.gxf3 a5 27.hxg5 hxg5 28.Bg3 Kf7
29.Re3 Rd5 30.Re2 Rf5 31.Re3 Re8 32.Rd3 Re2 33.Rd7+ Ke6 34.Rd6+ Ke7 35.Rd3 Ke8
36.Ka1 Rc5 37.Kb1 Kf7 38.f4 g4 39.Rd7+ Kg6 40.Rd6+ Kf5 41.Rd4 Ke6 42.Rd8 Rcc2
43.f5+ Kxf5 44.Rd5+ Ke4 45.Rxa5 Rb2+ 46.Ka1 Rbd2 47.Re5+ Kf3 48.Rxe2 Kxe2
49.Bh4 Kf3 50.a4 bxa3 51.b4 Rb2 52.b5 Rxb5 53.Ka2 Rb2+ 54.Kxa3 Re2  0-1

[Event "111th US Open"]
[Site "Irvine USA"]
[Date "2010.08.06"]
[Round "7"]
[White "Kleist,F"]
[Black "Vilenchuk,M"]
[Result "1/2-1/2"]
[WhiteElo "2114"]
[BlackElo "2140"]

1.e4 c5 2.Nf3 d6 3.Bb5+ Nd7 4.O-O a6 5.Bxd7+ Qxd7 6.d4 cxd4 7.Qxd4 e6 8.Nc3 Ne7
9.Rd1 Nc6 10.Qb6 Be7 11.Bf4 O-O 12.Rd2 Qd8 13.Na4 e5 14.Be3 Qe8 15.Qc7 f5
16.exf5 Rf6 17.Qb6 Bxf5 18.Nc3 Rg6 19.Nd5 Be4 20.Ne1 Qd7 21.f3 Bf5 22.Qb3 Be6
23.Qd3 Bd8 24.Rad1 Qf7 25.c4 Ba5 26.Rf2 Rf8 27.a3 Bf5 28.Qe2 Ne7 29.b4 Nxd5
30.cxd5 Bd8 31.Qd2 Qd7 32.Rc1 Bh4 33.Re2 Bh3 34.Bf2 Bg5 35.Be3 Bd8 36.Kh1 Bf5
37.Kg1 Qb5 38.Kh1 h5 39.Kg1 Bh4 40.Bf2 Bg5 41.Be3 Bd8 42.Rc3 Bd7 43.Qc2 Bf5
44.Qd2 a5 45.Rc1 axb4 46.axb4 Kh7 47.Kh1 e4 48.f4 Bg4 49.Rf2 Rf5 50.Nc2 Qxd5
51.h3 Bh4 52.hxg4 hxg4 53.Qxd5 Rxd5 54.f5 Rh6  1/2-1/2

[Event "IM2 Ceska pojistovna Cup"]
[Site "Olomouc CZE"]
[Date "2010.08.06"]
[Round "3"]
[White "Musaev,Ra"]
[Black "Van den Dikkenberg,E"]
[Result "1/2-1/2"]
[WhiteElo "2181"]
[BlackElo "2139"]

1.e4 c5 2.Nf3 d6 3.Bb5+ Bd7 4.a4 Nf6 5.Qe2 a6 6.Bxd7+ Nfxd7 7.O-O Nc6 8.c3 g6
9.d4 Bg7 10.Be3 O-O 11.Nbd2 Qc7 12.Rfc1 Rfc8 13.Nf1 a5  1/2-1/2

[Event "Politiken Cup"]
[Site "Copenhagen DEN"]
[Date "2010.08.07"]
[Round "9"]
[White "Lundberg,R"]
[Black "Vesterli,M"]
[Result "0-1"]
[WhiteElo "2006"]
[BlackElo "1862"]

1.e4 c5 2.Nf3 d6 3.Bb5+ Bd7 4.Bxd7+ Nxd7 5.O-O Ngf6 6.Re1 e6 7.c3 Be7 8.d4 cxd4
9.cxd4 O-O 10.Nc3 Rc8 11.Qb3 Nb6 12.h3 Rc4 13.Be3 d5 14.a3 dxe4 15.Nd2 Rc6
16.Rac1 Qd7 17.Ndxe4 Nxe4 18.Nxe4 Rxc1 19.Rxc1 Qd5 20.Qxd5 Nxd5 21.Kf1 Rd8
22.Ke2 b6 23.Nc3 Nc7 24.a4 Kf8 25.Bf4 Ne8 26.Be3 Bf6 27.Ne4 Bxd4 28.Rd1 e5
29.f4 Ke7 30.Bxd4 exd4 31.Ng5 Nc7 32.Nf3 Ne6 33.g3 f5 34.b4 Rd5 35.Rc1 a5
36.bxa5 bxa5 37.Ne5 Nc5 38.Rd1 Nxa4 39.Ra1 Nc3+ 40.Kd3 Ne4 41.Nc6+ Kd6 42.Nxa5 Nxg3
43.Nc4+ Ke7 44.Nb6 Rd8 45.Ra7+ Kf8 46.Nd7+ Ke8 47.Nc5 Nh5 48.Ne6 Rd7 49.Ra3 Ke7
50.Nxd4 Nxf4+ 51.Kc4 Kf6 52.h4 g6 53.Ra6+ Kg7 54.Rc6 Ng2 55.Nf3 Kh6 56.Kc3 Re7
57.Kd2 Re4 58.Ng5 Rxh4 59.Nf7+ Kh5 60.Rc7 Re4 61.Nh8 h6 62.Rc6 Nf4 63.Nf7 Re7
64.Nd6 Re6 65.Kc2 Kg4 66.Rb6 h5  0-1

[Event "IM2 Ceska pojistovna Cup"]
[Site "Olomouc CZE"]
[Date "2010.08.07"]
[Round "4"]
[White "Gasik,An"]
[Black "Butkiewicz,L"]
[Result "1/2-1/2"]
[WhiteElo "2168"]
[BlackElo "2375"]

1.e4 c5 2.Nf3 d6 3.Bb5+ Bd7 4.Bxd7+ Qxd7 5.O-O Nc6 6.c3 Nf6 7.Re1 e6 8.d4 cxd4
9.cxd4 d5 10.e5 Ne4 11.Nbd2 Nxd2 12.Bxd2 Be7 13.Rc1 O-O 14.a3 Rfc8 15.h4 b5
16.Re3 a5 17.h5 h6 18.Rd3 Bf8 19.Nh4 Be7 20.Nf3 Bd8 21.Ne1 Ne7 22.g4 Rxc1
23.Bxc1 Rc8 24.Rf3 a4 25.Be3 Nc6 26.Rg3 Ne7 27.Rf3 Rc4 28.Qd2 Qa7 29.Nd3 Ba5
30.Nb4 Bb6 31.Bxh6 gxh6 32.Qxh6 Bd8 33.Qg5+ Kf8 34.Rc3 Qxd4 35.Rxc4 bxc4
36.h6 Qe4 37.Qg7+ Ke8 38.h7 Ng6 39.h8=Q+ Nxh8 40.Qxh8+ Kd7 41.Qf8 Qxg4+  1/2-1/2

[Event "14th HZ Open"]
[Site "Vlissingen NED"]
[Date "2010.08.08"]
[Round "2"]
[White "De Ridder,D"]
[Black "Kuling,L"]
[Result "0-1"]
[WhiteElo "1951"]
[BlackElo "2208"]

1.e4 c5 2.Nf3 d6 3.Bb5+ Nd7 4.O-O Nf6 5.Re1 a6 6.Bf1 b5 7.c3 Bb7 8.d3 e6
9.Bg5 Be7 10.Nbd2 h6 11.Bxf6 Bxf6 12.d4 e5 13.a4 Qb6 14.d5 Rb8 15.b3 O-O
16.Qe2 Bc8 17.Ra2 Bd8 18.axb5 axb5 19.Rea1 Nf6 20.Ra7 Ne8 21.Qd3 Nc7 22.Qe3 Na6
23.R7xa6 Bxa6 24.Bd3 Bc8 25.Nf1 Bd7 26.Ng3 Bf6 27.Nf5 Ra8 28.Rb1 Qc7 29.Nd2 Bg5
30.Qe2 Ra2  0-1

[Event "28th WJun Girls"]
[Site "Chotowa POL"]
[Date "2010.08.09"]
[Round "6"]
[White "Vanhuyse,Nele"]
[Black "Skrzypczak,A"]
[Result "0-1"]
[WhiteElo "1779"]
[BlackElo "2028"]

1.e4 c5 2.Nf3 d6 3.Bb5+ Nc6 4.O-O Bg4 5.c3 Nf6 6.Re1 Nd7 7.Bxc6 bxc6 8.d4 e5
9.Be3 cxd4 10.cxd4 Be7 11.Nbd2 O-O 12.Qa4 exd4 13.Nxd4 c5 14.Nc6 Nb6 15.Qc2 Qd7
16.Nxe7+ Qxe7 17.h3 Be6 18.b3 Rac8 19.Rac1 Rfd8 20.f4 Qf6 21.f5 Bd7 22.Nf3 h6
23.g4 g5 24.Qd2 Qe7 25.Bf2 Bc6 26.h4 f6 27.hxg5 hxg5 28.Be3 Qxe4 29.Bxg5 Qxf3
30.Bxf6 Qh1+ 31.Kf2 Qg2+ 32.Ke3 Qf3+  0-1

[Event "85th ch-FRA"]
[Site "Belfort FRA"]
[Date "2010.08.10"]
[Round "2"]
[White "Degraeve,JM"]
[Black "Edouard,R"]
[Result "1/2-1/2"]
[WhiteElo "2569"]
[BlackElo "2620"]

1.e4 c5 2.Nf3 d6 3.Bb5+ Bd7 4.Bxd7+ Qxd7 5.O-O Nf6 6.Re1 Nc6 7.c3 e6 8.d4 cxd4
9.cxd4 d5 10.e5 Ne4 11.Nbd2 Nxd2 12.Bxd2 Be7 13.Rc1 O-O 14.Rc3 Rac8 15.a3 Nb8
16.Rd3 Qc7 17.Rc3 Qd7 18.Rd3 Qc7 19.Rc3 Qd7  1/2-1/2

[Event "Negroponte Open"]
[Site "Chalkis GRE"]
[Date "2010.08.10"]
[Round "2"]
[White "Manakova,M"]
[Black "Mamedov,Nid"]
[Result "1-0"]
[WhiteElo "2306"]
[BlackElo "2604"]

1.e4 c5 2.Nf3 d6 3.Bb5+ Nd7 4.d4 Nf6 5.e5 Qa5+ 6.Nc3 Ne4 7.Bd2 Nxc3 8.Bxd7+ Bxd7
9.Bxc3 Qa6 10.exd6 O-O-O 11.Ne5 Be6 12.d7+ Bxd7 13.Qd3 Qxd3 14.cxd3 Be6 15.Rc1 f6
16.Nf3 Kb8 17.dxc5 Rxd3 18.c6 Bxa2 19.Nd4 e5 20.c7+ Kxc7 21.Ke2 Bc4 22.Ba5+ Kb8
23.Nc6+ bxc6 24.Rxc4 Rd5 25.b4 Kb7 26.Rhc1 c5 27.bxc5 Kc6 28.Bb4 Be7 29.Ra1 Ra8
30.Rg4 Bf8 31.Ra6+ Kc7 32.c6 g5  1-0

[Event "28th WJun Girls"]
[Site "Chotowa POL"]
[Date "2010.08.11"]
[Round "8"]
[White "Tomaszewska,L"]
[Black "Uta,Ad"]
[Result "1-0"]
[WhiteElo "1968"]
[BlackElo "2099"]

1.e4 c5 2.Nf3 d6 3.Bb5+ Bd7 4.Bxd7+ Qxd7 5.O-O Nc6 6.Qe2 e5 7.c3 g6 8.Rd1 Bg7
9.Na3 Nge7 10.d4 cxd4 11.cxd4 Nxd4 12.Nxd4 exd4 13.Nb5 Nc6 14.Bf4 O-O 15.Bxd6 Rfe8
16.Bg3 Rad8 17.Bh4 Rc8 18.Bg3 Re6 19.Rac1 a6 20.Na3 Rce8 21.f3 f5 22.Qc4 fxe4
23.fxe4 Kh8 24.Qd5 Qe7 25.Rf1 Rd8 26.Qb3 b5 27.Bh4 Bf6 28.Rxf6 Rxf6 29.Rxc6 Rf1+
30.Kxf1 Qxh4 31.Qf7 d3 32.Nb1 d2 33.Nxd2 Rxd2 34.Qf8+  1-0

[Event "Seniors Open"]
[Site "Olomouc CZE"]
[Date "2010.08.11"]
[Round "8"]
[White "Sejkora,V"]
[Black "Spurny,A"]
[Result "1-0"]
[WhiteElo "2162"]
[BlackElo "1938"]

1.e4 c5 2.Nf3 d6 3.Bb5+ Bd7 4.a4 a6 5.Bxd7+ Nxd7 6.a5 Qc7 7.d3 g6 8.Nbd2 Bg7
9.Nc4 e6 10.Bf4 e5 11.Be3 Ne7 12.O-O O-O 13.Bg5 f6 14.Bd2 Qc6 15.Qe2 Rae8
16.b3 d5 17.Nb2 f5 18.Ra4 b5 19.axb6 Nxb6 20.Rxa6 fxe4 21.dxe4 dxe4 22.Ng5 Ned5
23.Nc4 Ra8 24.Rxa8 Rxa8 25.Qxe4 Nxc4 26.Qxc4 h6 27.Ne4 Kh7 28.f3 Rc8 29.Rd1 Nb6
30.Qa6 Ra8 31.Qd3 c4 32.Qd6 Qxd6 33.Nxd6 cxb3 34.cxb3 Nd5 35.Ne4 Rb8 36.Ba5 Nf6
37.Nxf6+ Bxf6 38.Rd7+ Bg7 39.Bc3 Kg8 40.Rxg7+  1-0

[Event "Open"]
[Site "Arad ROU"]
[Date "2010.08.12"]
[Round "9"]
[White "Mekhitarian,K"]
[Black "Leviczky,T"]
[Result "1/2-1/2"]
[WhiteElo "2511"]
[BlackElo "2393"]

1.e4 c5 2.Nf3 d6 3.Bb5+ Nd7 4.O-O a6 5.Bxd7+ Bxd7 6.d4 cxd4 7.Qxd4 e5 8.Qd3 Rc8
9.Nc3 h6 10.a4 Nf6 11.b3 Qc7 12.Bb2 Be7 13.Rac1 O-O 14.Rfd1 Qa5 15.Nd2 b5
16.axb5 axb5 17.Ne2 Qb6 18.h3 Qb7 19.Ng3 Be6 20.c4 bxc4 21.Nxc4 Bxc4  1/2-1/2

[Event "Negroponte Open"]
[Site "Chalkis GRE"]
[Date "2010.08.12"]
[Round "4"]
[White "David,Alb"]
[Black "Parligras,M"]
[Result "1/2-1/2"]
[WhiteElo "2622"]
[BlackElo "2574"]

1.e4 c5 2.Nf3 d6 3.Bb5+ Nc6 4.O-O Bd7 5.Re1 Nf6 6.c3 a6 7.Ba4 b5 8.Bc2 e5
9.h3 Be7 10.d4 Qc7 11.Be3 O-O 12.Nbd2 cxd4 13.cxd4 Rac8 14.Rc1 Qb8 15.Bb1 Na5
16.Qe2 Rxc1 17.Rxc1 Rc8 18.Rxc8+ Qxc8 19.Bd3 Qc1+ 20.Nf1 Qc7 21.Qe1 Bd8 22.Bd2 Nc6
23.Bc3 Qb8 24.dxe5 Nxe5 25.Nxe5 dxe5 26.Nh2 Be6 27.Nf3 Nd7 28.a4 bxa4 29.Bxa6 f6
30.Nd2 Be7 31.Qe2 a3 32.bxa3 Bxa3 33.Bc4 Qd6 34.Bxe6+  1/2-1/2

[Event "28th WJun Girls"]
[Site "Chotowa POL"]
[Date "2010.08.12"]
[Round "9"]
[White "Vanhuyse,Nele"]
[Black "Gora,A"]
[Result "1-0"]
[WhiteElo "1779"]
[BlackElo "1579"]

1.e4 c5 2.Nf3 d6 3.Bb5+ Bd7 4.Bxd7+ Qxd7 5.O-O Nc6 6.c3 Nf6 7.Re1 e6 8.d4 cxd4
9.cxd4 d5 10.e5 Ne4 11.Nbd2 Nxd2 12.Bxd2 Be7 13.Rc1 O-O 14.Rc3 Rac8 15.a3 Rc7
16.Rd3 a6 17.h4 Qd8 18.h5 Rc8 19.Nh2 Kh8 20.Qg4 Na5 21.f4 Nc4 22.Bc1 Qb6
23.b4 a5 24.bxa5 Qxa5 25.Rf1 Qb6 26.Kh1 Rg8 27.f5 Qb1 28.Rg3 exf5 29.Qxf5 Qxf5
30.Rxf5 Nxe5 31.Bf4 Nc6 32.Rxd5 Rcd8 33.Rf5 Rxd4 34.Ng4 f6 35.Bc7 Bxa3 36.Rb5 Bb4
37.Ne3 Rh4+ 38.Kg1 Bd2 39.Rxb7 Rxh5 40.Nc4 Rd5 41.Bb6 h6 42.Kf2 Bg5 43.Rf3 Nb4
44.Ba5 Nd3+ 45.Kg3 Bf4+ 46.Kh3 Rh5+ 47.Kg4 Rg5+ 48.Kh3 f5 49.g3 Ne5 50.Rxf4 Nxc4
51.Rxc4 Ra8  1-0

[Event "XI Miquel Mas Open"]
[Site "Figueres ESP"]
[Date "2010.08.12"]
[Round "2"]
[White "Casanellas Ruano,L"]
[Black "Sanchez Urpi,O"]
[Result "1-0"]
[WhiteElo "2182"]
[BlackElo "1911"]

1.e4 c5 2.Nf3 d6 3.Bb5+ Bd7 4.Bxd7+ Qxd7 5.O-O Nc6 6.c3 Nf6 7.Re1 g6 8.d4 cxd4
9.cxd4 Bg7 10.Nc3 O-O 11.h3 Rfd8 12.Be3 b5 13.e5 Ne8 14.Bf4 b4 15.e6 fxe6
16.Ne4 Nc7 17.Qd3 e5 18.dxe5 dxe5 19.Qxd7 Rxd7 20.Be3 Ne6 21.Rac1 Ncd4 22.Bxd4 exd4
23.Rc6 Kf7 24.Nfd2 Nf4 25.Nc4 Kf8 26.g3 Nh5 27.Ng5 Kg8 28.Ne6 Bf6 29.Nc5 Rd5
30.Nd3 a5 31.Nb6 Rad8 32.Nxd5 Rxd5 33.h4 Kf7 34.g4 Bxh4 35.gxh5 Rxh5 36.Re5  1-0

[Event "GM2 Prima Pack Cup"]
[Site "Olomouc CZE"]
[Date "2010.08.12"]
[Round "9"]
[White "Krupa,M"]
[Black "Vokac,M"]
[Result "0-1"]
[WhiteElo "2214"]
[BlackElo "2458"]

1.e4 c5 2.Nf3 d6 3.Bb5+ Bd7 4.Bxd7+ Qxd7 5.O-O Nc6 6.c3 Nf6 7.d4 cxd4 8.cxd4 d5
9.e5 Ne4 10.Ne1 h6 11.Be3 e6 12.f3 Ng5 13.Nc3 Be7 14.Nd3 O-O 15.Re1 Rad8
16.Rc1 Rfe8 17.Bf2 Nh7 18.Qa4 Nf8 19.b4 Nxb4 20.Nxb4 Qxa4 21.Nxa4 Bxb4 22.Red1 Rc8
23.Rb1 Rc4 24.Nb2 Rc7 25.Nd3 Be7 26.a4 b6 27.Rb5 Nd7 28.a5 Rec8 29.axb6 axb6
30.f4 Rc3 31.g4 Ra3 32.f5 Rc6 33.h4 Kf8 34.Nf4 Ke8 35.Rbb1 Rf3 36.Nd3 Rc3
37.fxe6 fxe6 38.Ne1 Rf4  0-1

[Event "Tch-ESP CECLUB GpB"]
[Site "Burguillos ESP"]
[Date "2010.08.13"]
[Round "5"]
[White "Borisek,J"]
[Black "Razmyslov,A"]
[Result "1/2-1/2"]
[WhiteElo "2538"]
[BlackElo "2435"]

1.e4 c5 2.Nf3 d6 3.Bb5+ Nc6 4.O-O Bd7 5.c3 Nf6 6.Re1 a6 7.Ba4 c4 8.Bc2 Ne5
9.Nxe5 dxe5 10.d3 cxd3 11.Qxd3 Bc6 12.Nd2 Qxd3 13.Bxd3 Rd8 14.Bf1 e6 15.b4 Bb5
16.Nb3 Bxf1 17.Kxf1 Rc8 18.Bd2 Nd7 19.a4 Nb6 20.a5 Nc4 21.Be3 Nxe3+ 22.Rxe3 Bd6
23.Rd1 Ke7 24.Red3 Rhd8 25.Ke2 f5 26.f3 Ra8 27.h3 g6 28.R1d2 Rab8 29.Kd1 Rbc8
30.Kc2 Rb8 31.Kb2 Ra8 32.Rd1 Rac8 33.Ka3 h5 34.Ka4 h4 35.R1d2 Rc6 36.Nc5 Rb8
37.Nb3 Rd8 38.Ka3 Rcc8 39.Rd1 Rc6 40.Nc5 b5 41.axb6 Rxb6 42.Nb3 Rc8 43.Kb2 Bc7
44.Rd7+ Kf6 45.Ka3 a5 46.Nxa5  1/2-1/2

[Event "XI Miquel Mas Open"]
[Site "Figueres ESP"]
[Date "2010.08.13"]
[Round "3"]
[White "Sorroche Martin,J"]
[Black "Lillo Castay,V"]
[Result "1-0"]
[WhiteElo "2147"]
[BlackElo "2284"]

1.e4 c5 2.Nf3 d6 3.Bb5+ Nd7 4.O-O Nf6 5.Re1 a6 6.Bf1 g6 7.c3 Bg7 8.d4 cxd4
9.cxd4 d5 10.e5 Ne4 11.Qb3 Nb8 12.Nbd2 O-O 13.Nxe4 dxe4 14.Rxe4 Be6 15.Bc4 Bf5
16.Rh4 Nc6 17.Bd2 b5 18.Bd5 Rc8 19.Rc1 Qb6 20.Ng5 e6 21.Bxc6 Rxc6 22.Nxh7 Rxc1+
23.Bxc1 Qa5 24.Qe3 Rc8 25.Nf6+ Kf8 26.Nd7+ Kg8 27.Bd2 Qd8 28.Nf6+ Bxf6 29.exf6 Qxf6
30.g3 Bb1 31.Bb4 Qg7 32.Be7 Bxa2 33.Qg5 Bd5 34.f3  1-0

[Event "e2e4 Autumn Challengers E"]
[Site "Uxbridge ENG"]
[Date "2010.08.13"]
[Round "4"]
[White "Stevenson,J"]
[Black "Keogh,E"]
[Result "0-1"]
[WhiteElo "2097"]
[BlackElo "2047"]

1.e4 c5 2.Nf3 d6 3.Bb5+ Nc6 4.O-O Bd7 5.Nc3 Nf6 6.Re1 a6 7.Bf1 Bg4 8.h3 Bh5
9.g4 Bg6 10.d4 cxd4 11.Nxd4 e5 12.Nf5 h6 13.Bg2 Bxf5 14.exf5 Be7 15.Be3 Qc7
16.Qd2 Rd8 17.Rad1 b5 18.Nd5 Nxd5 19.Bxd5 Bf6 20.b3 Ne7 21.c4 O-O 22.Rc1 Qd7
23.Red1 Rc8 24.Be4 bxc4 25.bxc4 Qa4 26.Qc2 Qxc2 27.Rxc2 Nc6 28.Rxd6 Nb4 29.Rb2 Rxc4
30.f3 Rd8 31.Rb6 Rd1+ 32.Kg2 Nd3 33.Re2 Nf4+ 34.Bxf4 exf4 35.Rxa6 Rcc1 36.Ra8+ Kh7
37.Ra4 Rg1+ 38.Kh2 Rh1+ 39.Kg2 Rcg1+  0-1

[Event "e2e4 Autumn Challengers E"]
[Site "Uxbridge ENG"]
[Date "2010.08.13"]
[Round "5"]
[White "Keogh,E"]
[Black "Collier,T"]
[Result "1-0"]
[WhiteElo "2047"]
[BlackElo "2001"]

1.e4 c5 2.Nf3 d6 3.Bb5+ Bd7 4.Bxd7+ Qxd7 5.O-O Nf6 6.e5 dxe5 7.Nxe5 Qc8 8.Qf3 e6
9.Nc3 Be7 10.d3 O-O 11.Bf4 Rd8 12.Ne4 Nxe4 13.dxe4 Nc6 14.Qh5 Nxe5 15.Bxe5 Qc6
16.Rae1 f6 17.Bc3 Qe8 18.Qg4 Qf7 19.f4 Rd7 20.f5 e5 21.b3 Rad8 22.Re3 Kh8
23.Rh3 h6 24.Bb2 c4 25.Bc1 Bf8 26.b4 Qe7 27.a3 a5 28.Rg3 Qf7 29.b5 Bc5+ 30.Kh1 Rg8
31.Qe2 g5 32.fxg6 Rxg6 33.Rxg6 Qxg6 34.Qxc4 Rg7 35.g3 Bd4 36.Qe2 h5 37.Rf5 h4
38.Qh5+  1-0

[Event "14th HZ Open"]
[Site "Vlissingen NED"]
[Date "2010.08.13"]
[Round "8"]
[White "De Ridder,D"]
[Black "Ten Hagen,Y"]
[Result "1-0"]
[WhiteElo "1951"]
[BlackElo "2227"]

1.e4 c5 2.Nf3 d6 3.Bb5+ Bd7 4.Bxd7+ Qxd7 5.O-O Nf6 6.Re1 Nc6 7.c3 e6 8.d4 cxd4
9.cxd4 d5 10.e5 Ne4 11.Nbd2 Nxd2 12.Bxd2 Be7 13.Rc1 O-O 14.Bg5 Rfc8 15.Bxe7 Qxe7
16.Re3 Na5 17.Rec3 Qd7 18.Ng5 h6 19.Qc2 Rxc3 20.Qh7+ Kf8 21.Rxc3 Rd8 22.Nxe6+ Qxe6
23.Qh8+ Ke7 24.Rc7+ Qd7 25.Rxd7+ Rxd7 26.Qxg7 Rc7 27.Qxh6  1-0

[Event "14th HZ Open"]
[Site "Vlissingen NED"]
[Date "2010.08.13"]
[Round "8"]
[White "Ijzermans,Cees"]
[Black "Grochal,J"]
[Result "0-1"]
[WhiteElo "1912"]
[BlackElo "2124"]

1.e4 c5 2.Nf3 d6 3.Bb5+ Bd7 4.Bxd7+ Qxd7 5.O-O Nc6 6.c3 Nf6 7.Re1 e6 8.d4 cxd4
9.cxd4 d5 10.e5 Ne4 11.a3 Na5 12.Nbd2 Nxd2 13.Bxd2 Nc4 14.b3 Nxa3 15.Rxa3 Bxa3
16.b4 a5 17.bxa5 Be7 18.Qb3 O-O 19.h4 Rfc8 20.Rb1 Rab8 21.h5 h6 22.Nh2 Qc6
23.Rc1 Qa6 24.Rxc8+ Rxc8 25.Qg3 Kf8 26.Ng4 Qe2 27.Be3 Ke8 28.Nxh6 gxh6 29.Qg8+ Bf8
30.Bxh6 Qd1+  0-1

[Event "Troya Open"]
[Site "Canakkale TUR"]
[Date "2010.08.14"]
[Round "8"]
[White "Secer,A"]
[Black "Annaberdiev,M"]
[Result "1-0"]
[WhiteElo "2325"]
[BlackElo "2476"]

1.e4 c5 2.Nf3 d6 3.Bb5+ Nc6 4.O-O Bd7 5.Re1 a6 6.Bxc6 Bxc6 7.d4 cxd4 8.Nxd4 Bd7
9.Nc3 e6 10.Qf3 Nf6 11.Qg3 Be7 12.Bg5 O-O 13.Bxf6 Bxf6 14.Qxd6 Be8 15.Qxd8 Rxd8
16.e5 Rxd4 17.exf6 gxf6 18.Rad1 Rb4 19.b3 Bc6 20.Ne2 Rg4 21.Ng3 b5 22.Re3 b4
23.c4 Rg5 24.Ne4 Rg6 25.f3 Rc8 26.Kf1 Kf8 27.Nf2 Ke7 28.a3 bxa3 29.Ra1 Rcg8
30.g4 h5 31.Rxa3 Bb7 32.h3 hxg4 33.hxg4 Rg5 34.Ra4 Re5 35.Ke2 Rb8 36.Rxe5 fxe5
37.Nd3 Bc8  1-0

[Event "28th WJun Girls"]
[Site "Chotowa POL"]
[Date "2010.08.14"]
[Round "11"]
[White "Heredia Serrano,C"]
[Black "Ziaziulkina,N"]
[Result "0-1"]
[WhiteElo "2080"]
[BlackElo "2293"]

1.e4 c5 2.Nf3 d6 3.Bb5+ Bd7 4.Bxd7+ Qxd7 5.O-O Nf6 6.Re1 e6 7.b3 Nc6 8.Bb2 Be7
9.c4 e5 10.Nc3 O-O 11.d3 Ne8 12.Nd5 Nc7 13.a3 Nd4 14.Bxd4 cxd4 15.Nxc7 Qxc7
16.b4 g6 17.Rc1 Kh8 18.Qe2 b6 19.Rc2 Rfe8 20.h3 Rg8 21.Kh2 Bf8 22.Qd2 f5
23.Qg5 Be7 24.Qh6 f4 25.Ng5 Bf6 26.Rec1 Qe7 27.h4 Rgc8 28.c5 dxc5 29.bxc5 bxc5
30.Rb1 Rc7 31.Rcb2 Rac8 32.Rb8 Bxg5 33.hxg5 Qd7 34.Qh4 c4 35.dxc4 d3 36.R8b2 Rxc4
37.f3 d2 38.Rd1 Rc2 39.Rxc2 Rxc2 40.Qf2 Kg7 41.Qe2 h6 42.gxh6+ Kxh6 43.Qf2 Qd8
44.a4 Kg5 45.Qe2 Rc1 46.g3 Rxd1 47.Qxd1 Qd3 48.Kg2 fxg3 49.Kxg3 Qe3 50.Qh1 Qe1+  0-1

[Event "XI Miquel Mas Open"]
[Site "Figueres ESP"]
[Date "2010.08.14"]
[Round "4"]
[White "Saez Coma,Alejandro"]
[Black "Ruiz Munoz,Jose Carlos"]
[Result "0-1"]
[WhiteElo "1477"]
[BlackElo "1820"]

1.e4 c5 2.Nf3 d6 3.Bb5+ Nc6 4.d4 cxd4 5.Nxd4 Bd7 6.Bxc6 bxc6 7.O-O g6 8.Be3 Bg7
9.Nc3 Nf6 10.f3 O-O 11.Qd2 c5 12.Nde2 Bc6 13.Bh6 Qb6 14.Bxg7 Kxg7 15.b3 Nh5
16.Nd5 Bxd5 17.Qxd5 Nf6 18.Qg5 c4+ 19.Kh1 cxb3 20.cxb3 Rac8 21.Rfc1 Qf2 22.Ng1 h6
23.Qg3 Qd2 24.Qe1 Qxe1 25.Rxe1 Rc2 26.Re2 Rfc8 27.Rxc2 Rxc2 28.Nh3 g5 29.Kg1 Nd7
30.Nf2 Ne5 31.a3 h5 32.b4 h4 33.h3 Nc4 34.a4 a6 35.b5 axb5 36.axb5 Rb2 37.Ra7 Kf6
38.e5+ Nxe5 39.Ne4+ Kf5 40.Rxe7 d5 41.Nd6+ Kf6 42.Re8 d4 43.Ne4+ Kf5 44.Rd8 d3
45.Kf1 Kf4 46.Nc3 f5 47.Rd4+ Kg3 48.Rd5 Rf2+ 49.Ke1 d2+ 50.Rxd2 Rxd2 51.Kxd2 Kxg2
52.b6 Nc4+ 53.Ke2 Nxb6 54.Nd1 Nd5  0-1

[Event "12th Miquel Mas Open"]
[Site "Figueres ESP"]
[Date "2010.08.14"]
[Round "4"]
[White "Colls Bosch,E"]
[Black "Bosch Sola,E"]
[Result "1-0"]
[WhiteElo "2015"]
[BlackElo "1820"]

1.e4 c5 2.Nf3 d6 3.Bb5+ Bd7 4.Bxd7+ Qxd7 5.O-O Nc6 6.c3 g6 7.d4 cxd4 8.cxd4 Bg7
9.Nc3 Nf6 10.Qe2 O-O 11.Rd1 Qc7 12.Bg5 h6 13.Bxf6 Bxf6 14.Nd5 Qd7 15.Nxf6+ exf6
16.Qd2 Kg7 17.Qf4 g5 18.Qd2 Rfe8 19.d5 Ne5 20.Nd4 Ng6 21.Nf5+ Kh7 22.Qc3 Re5
23.Qf3 Ne7 24.Ne3 f5 25.Qh5 Ng6 26.Nxf5 Rxf5 27.exf5 Qxf5 28.g3 Ne5 29.Rac1 Qe4
30.Rc3 g4 31.Re3 Qc2 32.Rde1 Rf8 33.Rxe5 dxe5 34.Qxe5 Qc8 35.Qe4+ f5 36.Qe7+ Kg8
37.Qd6 Kg7 38.Re6 Qc1+ 39.Kg2 Qg5 40.Qe5+ Kg8 41.d6 f4 42.Qxg5+ hxg5 43.gxf4 Kf7
44.Re7+ Kf6 45.fxg5+ Kxg5 46.Rxb7 a5 47.Ra7 Rd8 48.Rxa5+  1-0

[Event "TCh-MKD"]
[Site "Struga MKD"]
[Date "2010.08.14"]
[Round "6"]
[White "Kiroski,T"]
[Black "Krstevski,V"]
[Result "1-0"]
[WhiteElo "2362"]
[BlackElo "2145"]

1.e4 c5 2.Nf3 d6 3.Bb5+ Bd7 4.Bxd7+ Qxd7 5.c4 Nc6 6.d4 cxd4 7.Nxd4 g6 8.Be3 Bg7
9.Nc3 Nf6 10.f3 Rc8 11.b3 O-O 12.O-O e6 13.Rc1 Rcd8 14.Qd2 Rfe8 15.Rfd1 a6
16.Nde2 Qe7 17.Bg5 Qc7 18.Qf4 e5 19.Qh4 Nd7 20.Nd5 Qa5 21.Bxd8 Rxd8 22.b4 Qxa2
23.b5  1-0

[Event "TCh-SRB 1st League"]
[Site "Vrnjacka Banja SRB"]
[Date "2010.08.21"]
[Round "1"]
[White "Ristic,Nen"]
[Black "Pavlovic,MilosM"]
[Result "0-1"]
[WhiteElo "2413"]
[BlackElo "2483"]

1.e4 c5 2.Nf3 d6 3.Bb5+ Nc6 4.O-O Bd7 5.c3 Nf6 6.Re1 a6 7.Bxc6 Bxc6 8.d4 Bxe4
9.Bg5 Bd5 10.Nbd2 e6 11.c4 Bxf3 12.Qxf3 cxd4 13.Bxf6 gxf6 14.Qxb7 Rb8 15.Qxa6 Be7
16.Qc6+ Qd7 17.Qe4 e5 18.Nb3 f5 19.Qe2 Rg8 20.c5 Kf8 21.g3 f6 22.c6 Qxc6
23.Nxd4 Qd7 24.Nb3 f4 25.Qe4 d5 26.Qxh7 fxg3 27.Qh6+ Kf7 28.Qh5+ Kg7 29.fxg3 Rh8
30.Qf3 Bd8 31.Kh1 Bb6 32.Re2 e4 33.Qf4 Rbc8 34.Rd1 Qe6 35.Nd4 Bxd4 36.Rxd4 Rh5  0-1

[Event "25th Open"]
[Site "Schwarzach AUT"]
[Date "2010.08.22"]
[Round "2"]
[White "Palac,M"]
[Black "Fiderer,L"]
[Result "1-0"]
[WhiteElo "2562"]
[BlackElo "2192"]

1.e4 c5 2.Nf3 d6 3.Bb5+ Bd7 4.Bxd7+ Qxd7 5.c4 Nf6 6.Nc3 g6 7.d4 cxd4 8.Nxd4 Bg7
9.f3 O-O 10.Be3 e6 11.Ndb5 d5 12.e5 Ne8 13.f4 dxc4 14.Qxd7 Nxd7 15.O-O-O Nb8
16.Bc5 a6 17.Bxf8 Bxf8 18.Rd8 axb5 19.Rxe8 b4 20.Ne4 Kg7 21.Rd1  1-0

[Event "USCL"]
[Site "ICC INT"]
[Date "2010.08.23"]
[Round "1"]
[White "Dehmelt,K"]
[Black "Shen,A"]
[Result "1-0"]
[WhiteElo "2285"]
[BlackElo "2113"]

1.e4 c5 2.Nf3 d6 3.Bb5+ Nc6 4.O-O Bd7 5.c3 Nf6 6.d4 Nxe4 7.d5 Ne5 8.Bxd7+ Nxd7
9.Re1 Nef6 10.Na3 Nb6 11.c4 g6 12.Re2 Bg7 13.Qe1 Nc8 14.Bg5 O-O 15.Qd2 Re8
16.Rae1 Qd7 17.h3 a6 18.Bh6 b5 19.Bxg7 Kxg7 20.Ng5 bxc4 21.Nxc4 Qb7 22.Ne4 Nxe4
23.Rxe4 Qd7 24.Rh4 h5 25.Rxh5 Rh8 26.Rxh8 Kxh8 27.Qh6+ Kg8 28.Qg5 Rb8 29.b3 Kg7
30.h4 Qf5 31.Qd2 Qf6 32.Qa5 Ra8 33.h5 gxh5 34.Qc7 Qc3 35.Re3 Qb4 36.Rg3+ Kf6
37.Rf3+ Kg7 38.Qd7 Qe1+ 39.Kh2 Na7 40.Qf5 f6 41.Rg3+ Kf8 42.Qg6  1-0

[Event "6th Prospero A Pichay Cup"]
[Site "Manila PHI"]
[Date "2010.08.24"]
[Round "6"]
[White "Gatus,E"]
[Black "Turqueza,M"]
[Result "1/2-1/2"]
[WhiteElo "2265"]
[BlackElo "2140"]

1.e4 c5 2.Nf3 d6 3.Bb5+ Bd7 4.Bxd7+ Qxd7 5.c4 g6 6.Nc3 Bg7 7.d4 cxd4 8.Nxd4 Nf6
9.f3 O-O 10.Be3 Rc8 11.b3 Nc6 12.Qd2 e6 13.O-O d5 14.exd5 exd5 15.c5 Re8
16.Bf2 Rad8 17.Rad1 a6 18.Na4 Qc7 19.Bg3 Ne5 20.Rfe1 h6 21.Re2 Nh5 22.Bf2 Nc6
23.Rxe8+ Rxe8 24.g3 Nxd4 25.Bxd4 Bxd4+ 26.Qxd4 Nxg3 27.Qf2 Ne2+ 28.Kh1 Qe5
29.Nb6 Nf4 30.Qd2 Qf5 31.Nxd5 Nxd5 32.Qxd5 Re1+ 33.Kg2 Re2+ 34.Kg3 Qc2 35.Qd8+ Kh7
36.Qc7 Qf5  1/2-1/2

[Event "6th Prospero A Pichay Cup"]
[Site "Manila PHI"]
[Date "2010.08.25"]
[Round "8"]
[White "Gatus,E"]
[Black "Caturla,C"]
[Result "1/2-1/2"]
[WhiteElo "2265"]
[BlackElo "2250"]

1.e4 c5 2.Nf3 d6 3.Bb5+ Bd7 4.Bxd7+ Qxd7 5.c4 g6 6.O-O Bg7 7.d4 cxd4 8.Nxd4 Nf6
9.f3 O-O 10.Nc3 Nc6 11.Be3 Rfc8 12.b3 Qe8 13.Qd2 a6 14.Rac1 Rab8 15.Rfd1 h5
16.Nce2 Nd7 17.Nxc6 Rxc6 18.Bd4 Qf8 19.Bxg7 Qxg7 20.f4 Nf6 21.Nd4 Rc5 22.Re1 Qh6
23.Nf3 Rbc8 24.Ng5 h4 25.Qe3 Nh5 26.Nh3 Nf6 27.Nf2 R5c7 28.a4 Qh5 29.e5 dxe5
30.fxe5 Ne8 31.Nd3 e6 32.c5 Rd7 33.Nf4 Qg5 34.Nd3 Qh5 35.Nf2 Ng7 36.h3 Nf5
37.Qe2 Qxe2 38.Rxe2 Rd5 39.Ne4 Kg7 40.Nd6 Nxd6 41.exd6  1/2-1/2

[Event "TCh-SRB 1st League"]
[Site "Vrnjacka Banja SRB"]
[Date "2010.08.25"]
[Round "5"]
[White "Leskur,D"]
[Black "Nevednichy,V"]
[Result "1/2-1/2"]
[WhiteElo "2426"]
[BlackElo "2592"]

1.e4 c5 2.Nf3 d6 3.Bb5+ Nd7 4.O-O Nf6 5.Re1 a6 6.Bxd7+ Nxd7 7.d4 cxd4 8.Qxd4 e6
9.c4 Qc7 10.Nc3 b6 11.b3 Qc5 12.Be3 Qxd4  1/2-1/2